000 00791nam a22001817a 4500
005 20250827121544.0
008 240828b ||||| |||| 00| 0 eng d
082 _aDPer 647.95 J826 January-December 2019 v. 22 n. 1-6
100 _aSalzberg, Anna C.
_eauthor.
_959207
245 _aSustainable innovation behavior in restaurants /
_cAnna C. Salzberg, Meghan Z. Gough, and I-Shian Suen.
260 _aPhiladelphia ;
_bTaylor & Francis Group ,
_cMarch-April 2019.
300 _aVolume 22, pages 167-190 :
_billustration ;
_c26 cm.
500 _aJournal of Foodservice Business Research, vol. 22, no. 2, pages 167-190, March-April 2019.
700 _aSalzberg, Anna C.
_eauthor.
_959208
700 _aGough, Meghan Z.
_959209
700 _aSuen, I-Shian.
_eauthor.
_959210
942 _2ddc
_cPER
999 _c20971
_d20971